| 000 | 01420nam a2200385 i 4500 | ||
|---|---|---|---|
| 999 |
_c23977 _d23977 |
||
| 001 | nkc20162813156 | ||
| 005 | 20251024081502.0 | ||
| 007 | ta | ||
| 008 | 160719s2015 xr a f 000 0 cze | ||
| 020 |
_a9788088153047 _q(brožováno) |
||
| 035 | _a(OCoLC)958229036 | ||
| 040 |
_aOLA001 _bcze _erda _csk |
||
| 041 | 1 |
_acze _heng |
|
| 072 | 7 |
_a005 _xManagement. Řízení _2Konspekt |
|
| 080 |
_a005.966 _2MRF |
||
| 080 |
_a303.725.36 _2MRF |
||
| 080 |
_a(048.8) _2MRF |
||
| 100 | 1 |
_aPatton, Wendy, _d1957- _4aut _95122 |
|
| 240 | 1 | 0 |
_aCareer development and systems theory. _lČesky |
| 245 | 1 | 0 |
_aKariérový rozvoj a systémová teorie : _bpropojení mezi teorií a praxí / _cautoři Wendy Pattonová a Mary McMahonová ; překlad: Presto - překladatelské centrum, s.r.o. |
| 264 | 1 |
_aPraha : _bCentrum Euroguidance, Dům zahraniční spolupráce, _c2015 |
|
| 300 |
_a394 stran : _bilustrace ; _c24 cm |
||
| 336 |
_atext _btxt _2rdacontent |
||
| 337 |
_abez média _bn _2rdamedia |
||
| 338 |
_asvazek _bnc _2rdacarrier |
||
| 500 | _aPřeloženo z angličtiny | ||
| 650 | 0 | 7 |
_arozvoj kariéry _2czenas _95056 |
| 650 | 0 | 7 |
_ateorie systémů _2czenas _95123 |
| 650 | 0 | 9 |
_acareer development _2eczenas _95061 |
| 650 | 0 | 9 |
_asystem theory _2eczenas _95124 |
| 655 | 7 |
_amonografie _2czenas _91661 |
|
| 655 | 9 |
_amonographs _2eczenas _91662 |
|
| 700 | 1 |
_aMcMahon, Mary, _d1955- _4aut _95125 |
|
| 710 | 2 |
_aPresto (firma) _4trl _95126 |
|